Online
Catalog

Verdi, / (Record no. 14541)

MARC details
000 -CABECERA
campo de control de longitud fija 00819cam a2200253 a 4500
001 - NÚMERO DE CONTROL
campo de control 000014966
005 - FECHA Y HORA DE LA ÚLTIMA TRANSACCIÓN
campo de control 20200929163931.0
008 - DATOS DE LONGITUD FIJA--INFORMACIÓN GENERAL
campo de control de longitud fija 740228s1975 sp a 000 0bspa
020 ## - NÚMERO INTERNACIONAL ESTÁNDAR DEL LIBRO
Número Internacional Estándar del Libro 8423953238
035 ## - NÚMERO DE CONTROL DEL SISTEMA
Número de control de sistema (DLC) 74155982
040 ## - FUENTE DE LA CATALOGACIÓN
Centro catalogador/agencia de origen DO-SdBNP
Lengua de catalogación spa
Centro/agencia transcriptor BNPHU
Centro/agencia modificador DLC
050 00 - SIGNATURA TOPOGRÁFICA DE LA BIBLIOTECA DEL CONGRESO
Número de clasificación ML410.V4
Número de documento/Ítem B82
082 ## - NÚMERO DE LA CLASIFICACIÓN DECIMAL DEWEY
Número de clasificación 782.1/092/4
Número de documento/Ítem V484B
049 ## - FONDOS LOCALES (OCLC)
Fondos de biblioteca BNGR
100 1# - ENTRADA PRINCIPAL--NOMBRE DE PERSONA
Nombre de persona Bril, France Yvonne,
Fechas asociadas al nombre 1980 -
9 (RLIN) 33879
245 10 - MENCIÓN DE TÍTULO
Título Verdi, /
Mención de responsabilidad, etc. France-Yvonne Bril ; traducción del francés Felipe Ximénez De Sandoval.
260 ## - PUBLICACIÓN, DISTRIBUCIÓN, ETC.
Lugar de publicación, distribución, etc. Madrid :
Nombre del editor, distribuidor, etc. Espasa-Calpe,
Fecha de publicación, distribución, etc. 1975.
300 ## - DESCRIPCIÓN FÍSICA
Extensión 125 p. :
Otras características físicas il. ;
Dimensiones 18 cm.
490 0# - MENCIÓN DE SERIE
Mención de serie Clásicos de la música
600 10 - PUNTO DE ACCESO ADICIONAL DE MATERIA--NOMBRE DE PERSONA
Nombre de persona Verdi, Giuseppe,
Fechas asociadas al nombre 1813-1901.
9 (RLIN) 966
700 1# - PUNTO DE ACCESO ADICIONAL--NOMBRE DE PERSONA
Nombre de persona Ximénez De Sandoval, Felipe,
Término indicativo de función/relación tr.
9 (RLIN) 19335
830 #0 - PUNTO DE ACCESO ADICIONAL DE SERIE-TÍTULO UNIFORME
Título uniforme Clásicos de la música
9 (RLIN) 33880
910 ## - DATOS DE OPCIÓN DEL USUARIO (OCLC)
Datos de opción del usuario Catalogación derivada
Holdings
Estado de retiro Estado de pérdida Restricciones de uso No para préstamo Código de colección Localización permanente Ubicación/localización actual Ubicación en estantería Fecha de adquisición Número de inventario Total de préstamos Signatura topográfica completa Código de barras Fecha visto por última vez Precio válido a partir de Tipo de ítem Koha
      Excluido de préstamo Monografías: Libros y Folletos General General En catalogación 27.01.2010 LF1   782.1/092/4 V484B 14966-10 25.06.2020 25.06.2020 No se presta

Powered by Koha